00998nas a2200241Ia 4500001001100000003000900011008004100020040001300061040001300074041001300087100003800100210002300138222002300161245010100184250001100285260002100296501008600317300000900403310001200412362003400424500026200458650003600720R026/43513IT-RoPAU151124c99999999xx |||||||||||| ||und|| aIT-RoPAU cIT-RoPAU aITALIANO aAA.VV. gCodice Aut. SPICS: 12000 aNOSTRO CINEMA (IL) aNostro Cinema (Il) aNOSTRO CINEMA (IL), ANNO 15-N.171 (MAGGIO 1977)bNostro Cinema (Il), Anno 15-N.171 (Maggio 1977) a1a ed. aROMAbACECc1977 bPaulus - SPICS - Società€ San Paolo EM (non-commercial uses only)cCopyright2015 a4 p. aMENSILE aANNO 015, N.171 (MAGGIO 1977) aSala della Comunità€. Messaggio del Papa per la Xi Giornata Mondiale Dellecomunicazioni Sociali. Rapporti con il Professionismo Teatrale. Iniziativateatrale a Roma al Teatro Stabile Orione. Note Critiche Sui Film: Minnie &Moskowitz di John Cassavetes, la L aCINEMAvPUBBLICAZIONE PERIODICA